| 000 | nam a22 7a 4500 | ||
|---|---|---|---|
| 999 |
_c127401 _d127401 |
||
| 008 | 180116b xxu||||| |||| 00| 0 eng d | ||
| 020 | _a9781919688343 | ||
| 050 | _aDT1754.P419 | ||
| 100 |
_aAusten, Neil _938490 |
||
| 245 |
_aPeople of Southern Africa _cNeil Austen et al... |
||
| 260 |
_aDurban _bArt Publishers |
||
| 300 |
_a64p. ; _c16cm. |
||
| 650 |
_aSouth Africa _xPeoples _938491 |
||
| 942 |
_2lcc _cMONOGRAPH |
||